[Event "Wch U16 Girls"]
[Site "Durres"]
[Date "2025.10.14"]
[Round "10"]
[White "Bernard, Ines"]
[Black "Mayorga Araya, Sofia"]
[Result "1-0"]
[WhiteElo "2211"]
[BlackElo "1996"]
[PlyCount "119"]
[EventDate "2025.10.04"]
[EventType "swiss"]
[EventRounds "11"]
[EventCountry "ALB"]
[SourceTitle "CB42_2025"]
[SourceDate "2025.10.15"]
[SourceVersion "1"]
[SourceVersionDate "2025.10.15"]
[SourceQuality "1"]

1. d4 d5 2. c4 e6 3. Nf3 c5 4. cxd5 exd5 5. Bg5 Be7 6. Bxe7 Nxe7 7. dxc5 Nbc6 8. e3 Qa5+ 9. Nc3 Qxc5 10. Qa4 Bf5 11. Rd1 0-0 12. Be2 a6 13. 0-0 Rfd8 14. Qf4 h6 15. h4 Bh7 16. Rd2 Ng6 17. Qc7 Rab8 18. Rfd1 Nge7 19. Nd4 Rdc8 20. Qg3 Na5 21. Nxd5 Nxd5 22. Nb3 Nxb3 23. Rxd5 Qf8 24. axb3 Bc2 25. R1d2 Bxb3 26. Rd6 Rd8 27. e4 Rxd6 28. Rxd6 Be6 29. e5 Qc8 30. Qf4 Qc2 31. Bd3 Qd1+ 32. Kh2 Qg4 33. Qxg4 Bxg4 34. Kg3 Be6 35. f4 Kf8 36. f5 Ba2 37. Kf4 Ke7 38. Be4 f6 39. Rb6 fxe5+ 40. Kxe5 a5 41. Rxb7+ Rxb7 42. Bxb7 a4 43. Bd5 Bb1 44. Be4 Ba2 45. Bc2 a3 46. bxa3 Bc4 47. g4 Be2 48. g5 hxg5 49. hxg5 Bc4 50. a4 Be2 51. Be4 Kd7 52. a5 Ba6 53. f6 Ke8 54. Bg6+ Kf8 55. Kd6 gxf6 56. gxf6 Be2 57. Kc6 Kg8 58. Kb6 Kh8 59. a6 Bc4 60. a7 1-0

[Event "Wch U16 Girls"]
[Site "Durres"]
[Date "2025.10.11"]
[Round "7"]
[White "Assylkhan, Asiya"]
[Black "Bernard, Ines"]
[Result "1-0"]
[WhiteElo "1938"]
[BlackElo "2211"]
[PlyCount "115"]
[EventDate "2025.10.04"]
[EventType "swiss"]
[EventRounds "11"]
[EventCountry "ALB"]
[SourceTitle "CB42_2025"]
[SourceDate "2025.10.15"]
[SourceVersion "1"]
[SourceVersionDate "2025.10.15"]
[SourceQuality "1"]

1. d4 Nf6 2. c4 e6 3. Nf3 d5 4. g3 Be7 5. Bg2 0-0 6. 0-0 dxc4 7. Qc2 c6 8. a4 b6 9. Nbd2 Bb7 10. Nxc4 Na6 11. Rd1 Qc8 12. Bf4 Rd8 13. Ng5 Nb4 14. Qb3 h6 15. Ne4 Nxe4 16. Bxe4 Nd5 17. Bd2 c5 18. dxc5 Qxc5 19. Rac1 Rac8 20. Na5 Nc3 21. Rxc3 Bxe4 22. Rxc5 Rxc5 23. Nc4 Bd5 24. Bb4 Bxc4 25. Rxd8+ Bxd8 26. Qd1 Rd5 27. Qc2 Ba6 28. Qc6 Kh7 29. Qc2+ f5 30. Bc3 Be7 31. b4 Rd7 32. Qb2 Bb7 33. f3 Bg5 34. Kf2 Bc6 35. Qc2 Bb7 36. Be5 Kg6 37. Qc3 Bd8 38. Qc2 Be7 39. Qc4 Kf7 40. Qc3 Bf8 41. h4 Kg6 42. Qc4 Kf7 43. h5 Be7 44. g4 Bh4+ 45. Kg2 f4 46. Qxf4+ Kg8 47. Qc4 Kf7 48. Qc3 Kg8 49. Kh3 Bd8 50. Qc2 Rd5 51. Bb2 Rd7 52. Qg6 Kf8 53. Qxe6 Rd2 54. Bc1 Rd1 55. Bf4 Be7 56. Qf5+ Kg8 57. Be5 Bxb4 58. Qg6 1-0

[Event "Mitropa Cup (Women)"]
[Site "Trencin"]
[Date "2025.05.20"]
[Round "7.4"]
[White "Bernard, Ines"]
[Black "Jaksa, Ema"]
[Result "1-0"]
[WhiteElo "2077"]
[BlackElo "1832"]
[PlyCount "55"]
[EventDate "2025.05.14"]
[EventType "team-tourn"]
[EventRounds "9"]
[EventCountry "SVK"]
[SourceTitle "CB22_2025"]
[SourceDate "2025.05.28"]
[SourceVersion "1"]
[SourceVersionDate "2025.05.28"]
[SourceQuality "1"]
[WhiteTeam "France (W)"]
[BlackTeam "Slovenia (W)"]
[WhiteTeamCountry "FRA"]
[BlackTeamCountry "SLO"]

1. d4 d5 2. Nf3 Nf6 3. c4 dxc4 4. Nc3 a6 5. e4 b5 6. e5 Nd5 7. a4 e6 8. axb5 Bb4 9. Qd2 Nb6 10. Be2 0-0 11. 0-0 Bb7 12. bxa6 Rxa6 13. Rxa6 Bxa6 14. Ng5 h6 15. Nge4 Nc6 16. Rd1 Qe7 17. Qf4 Rd8 18. Qg4 Kh8 19. Bg5 hxg5 20. Qh5+ Kg8 21. Nxg5 Qe8 22. Nce4 Nd5 23. Bg4 Rd7 24. Bxe6 Qd8 25. Bxf7+ Rxf7 26. Qxf7+ Kh8 27. Qh5+ Kg8 28. Qh7+ 1-0

[Event "Mitropa Cup (Women)"]
[Site "Trencin"]
[Date "2025.05.16"]
[Round "3.4"]
[White "Gueci, Tea"]
[Black "Bernard, Ines"]
[Result "0-1"]
[WhiteElo "2181"]
[BlackElo "2077"]
[PlyCount "160"]
[EventDate "2025.05.14"]
[EventType "team-tourn"]
[EventRounds "9"]
[EventCountry "SVK"]
[SourceTitle "CB22_2025"]
[SourceDate "2025.05.28"]
[SourceVersion "1"]
[SourceVersionDate "2025.05.28"]
[SourceQuality "1"]
[WhiteTeam "Italy (W)"]
[BlackTeam "France (W)"]
[WhiteTeamCountry "ITA"]
[BlackTeamCountry "FRA"]

1. e4 c5 2. Nf3 d6 3. d4 cxd4 4. Nxd4 Nf6 5. Nc3 a6 6. g3 e5 7. Nb3 Be7 8. Bg2 0-0 9. 0-0 b5 10. a4 bxa4 11. Rxa4 Nbd7 12. Na5 Nb6 13. Ra1 Qc7 14. Qd3 Be6 15. b3 Rfc8 16. Bd2 g6 17. Rfc1 Bf8 18. Na4 Nbd7 19. c4 Nc5 20. Qe2 Rab8 21. b4 Nb7 22. Nxb7 Qxb7 23. f3 Be7 24. Bf1 Nd7 25. Qe1 Bd8 26. Kh1 Rc6 27. Bd3 Nb6 28. Nb2 Nd7 29. Na4 h5 30. Qe2 Rbc8 31. Nb2 Ra8 32. Nd1 Bb6 33. Rab1 Bd4 34. Ne3 Qc8 35. Nd5 Qd8 36. h4 Kg7 37. Be3 Bxd5 38. cxd5 Rxc1+ 39. Rxc1 Bxe3 40. Qxe3 a5 41. bxa5 Rxa5 42. Bf1 Nc5 43. Bg2 Ra2 44. Rf1 Qb6 45. Rf2 Qb1+ 46. Kh2 Ra4 47. Rf1 Qb4 48. g4 Ra3 49. Qe1 Qb2 50. Qc1 Qxc1 51. Rxc1 Nd3 52. Rc6 hxg4 53. fxg4 Nf4 54. Rc2 Re3 55. h5 Nxg2 56. Kxg2 Rxe4 57. hxg6 Rxg4+ 58. Kf3 Rxg6 59. Rc7 Rf6+ 60. Ke3 Rh6 61. Rd7 Kf8 62. Ke4 Ke8 63. Ra7 Rh5 64. Ra8+ Ke7 65. Ra7+ Kf8 66. Ra8+ Kg7 67. Ra7 Rh4+ 68. Kf5 Rd4 69. Ra5 e4 70. Kf4 Kf6 71. Rb5 Ra4 72. Rb6 e3+ 73. Kxe3 Ke5 74. Rb7 Ra3+ 75. Ke2 f5 76. Rf7 f4 77. Kf2 f3 78. Rxf3 Rxf3+ 79. Kxf3 Kxd5 80. Ke3 Kc4 0-1

[Event "Mitropa Cup (Women)"]
[Site "Trencin"]
[Date "2025.05.15"]
[Round "2.4"]
[White "Bernard, Ines"]
[Black "Hajdinic, Ema"]
[Result "1-0"]
[WhiteElo "2077"]
[BlackElo "1997"]
[PlyCount "71"]
[EventDate "2025.05.14"]
[EventType "team-tourn"]
[EventRounds "9"]
[EventCountry "SVK"]
[SourceTitle "CB22_2025"]
[SourceDate "2025.05.28"]
[SourceVersion "1"]
[SourceVersionDate "2025.05.28"]
[SourceQuality "1"]
[WhiteTeam "France (W)"]
[BlackTeam "Croatia (W)"]
[WhiteTeamCountry "FRA"]
[BlackTeamCountry "CRO"]

1. d4 d5 2. c4 e6 3. Nc3 Nf6 4. Nf3 Be7 5. Bf4 0-0 6. e3 c6 7. Bd3 dxc4 8. Bxc4 b5 9. Bd3 a6 10. Ne5 Bb7 11. Qf3 Ra7 12. Qg3 Re8 13. 0-0 Nbd7 14. Rfd1 Nf8 15. Ne4 Nh5 16. Qf3 Nxf4 17. Qxf4 f6 18. Nf3 Ba8 19. Nc5 Bxc5 20. dxc5 Qe7 21. Qb4 a5 22. Qc3 e5 23. Nd2 Ne6 24. Ne4 Nc7 25. Nd6 Rd8 26. a4 b4 27. Qb3+ Kf8 28. Bxh7 Ne6 29. Nf5 Qf7 30. Bg6 Qxg6 31. Qxe6 Re8 32. Qd6+ Kg8 33. e4 Qf7 34. Qd3 Qe6 35. Qg3 Rd7 36. Rd6 1-0

[Event "FRA-chT Top 12 (Women) GpB"]
[Site "Paris"]
[Date "2025.05.10"]
[Round "4.8"]
[White "Bernard, Ines"]
[Black "Ciarletta, Iris"]
[Result "1-0"]
[WhiteElo "2077"]
[BlackElo "2009"]
[PlyCount "153"]
[EventDate "2025.05.08"]
[EventType "team-tourn"]
[EventRounds "5"]
[EventCountry "FRA"]
[SourceTitle "CB20_2025"]
[SourceDate "2025.05.14"]
[SourceVersion "1"]
[SourceVersionDate "2025.05.14"]
[SourceQuality "1"]
[WhiteTeam "Marseille (W)"]
[BlackTeam "Mulhouse Philidor (W)"]
[WhiteTeamCountry "FRA"]
[BlackTeamCountry "FRA"]

1. d4 Nf6 2. c4 e6 3. Nf3 c5 4. d5 b5 5. Bf4 b4 6. e4 Nxe4 7. Bd3 Nf6 8. 0-0 Qb6 9. Re1 Be7 10. Bf1 Bb7 11. d6 Bd8 12. a3 a5 13. Ne5 Nc6 14. Bd3 Nd4 15. Bg3 0-0 16. Nd2 Qxd6 17. Ne4 Nxe4 18. Bxe4 Bxe4 19. Rxe4 Qe7 20. axb4 f6 21. Nd3 f5 22. Re1 cxb4 23. c5 Nb5 24. Qa4 Bc7 25. Qxb5 f4 26. Qb7 fxg3 27. Qxc7 gxf2+ 28. Nxf2 Rac8 29. Qd6 Qf6 30. Nd3 Qf5 31. Ne5 Qf2+ 32. Kh1 Qxb2 33. Nxd7 Rf2 34. Qxe6+ Kh8 35. c6 h6 36. Qd5 Rd2 37. Qe4 Qc2 38. Qxc2 Rxc2 39. Rxa5 R2xc6 40. h3 R6c7 41. Nb6 Rb8 42. Nd5 Rc2 43. Ne3 Rc3 44. Raa1 b3 45. Kg1 Rf8 46. Rab1 Rb8 47. Kf2 Kh7 48. Rb2 Ra8 49. Ke2 Rd8 50. Nd1 Rcd3 51. Nf2 Rc3 52. Reb1 Re8+ 53. Kf1 Rb8 54. Ne4 Re3 55. Nc5 Rf8+ 56. Kg1 Rf5 57. Nxb3 Rg5 58. Kh2 Rd5 59. Nd2 Re7 60. Nf3 Rdd7 61. Kg3 Ra7 62. Kh2 Rad7 63. Rd2 Ra7 64. Rc2 Ra8 65. Nd4 Rd7 66. Nf5 Ra5 67. g4 Ra3 68. Rg1 Ra5 69. Re2 Rf7 70. Rge1 h5 71. Re7 Kg8 72. Kg3 hxg4 73. hxg4 Ra7 74. Rxa7 Rxa7 75. Re7 Ra3+ 76. Kh4 Kh8 77. Nxg7 1-0

[Event "FRA-ch U16 Girls"]
[Site "Vichy"]
[Date "2025.05.02"]
[Round "7"]
[White "Bernard, Ines"]
[Black "Mence, Eline"]
[Result "1/2-1/2"]
[WhiteElo "2077"]
[BlackElo "2101"]
[PlyCount "118"]
[EventDate "2025.04.27"]
[EventType "swiss"]
[EventRounds "9"]
[EventCountry "FRA"]
[SourceTitle "CB19_2025"]
[SourceDate "2025.05.07"]
[SourceVersion "1"]
[SourceVersionDate "2025.05.07"]
[SourceQuality "1"]

1. d4 d5 2. Nf3 Nf6 3. c4 c6 4. Nc3 e6 5. Bg5 Nbd7 6. e3 Qa5 7. cxd5 Nxd5 8. Rc1 Nxc3 9. bxc3 Ba3 10. Rc2 b6 11. Be2 Ba6 12. 0-0 Bxe2 13. Rxe2 h6 14. Bf4 0-0 15. c4 Rfe8 16. Qc2 Bf8 17. Rd1 Rac8 18. e4 c5 19. d5 e5 20. Bg3 b5 21. Qb2 bxc4 22. Nxe5 c3 23. Nc4 cxb2 24. Nxa5 c4 25. Rxb2 Rxe4 26. Rc2 Rce8 27. Kf1 c3 28. f3 Ra4 29. Nc6 g5 30. Be1 Bg7 31. d6 Re6 32. Ne7+ Kh7 33. Nf5 Be5 34. Bxc3 Rc4 35. Rdc1 Bxd6 36. Rd1 Be5 37. Rxd7 Bxc3 38. Rxa7 Re1+ 39. Kf2 Re6 40. Re2 Rf6 41. Ne3 Bd4 42. Kg3 Bxa7 43. Nxc4 h5 44. Nd2 Kg6 45. Ne4 Ra6 46. Rc2 Bb8+ 47. Kf2 Bxh2 48. g3 h4 49. Kg2 Bxg3 50. Nxg3 hxg3 51. Kxg3 f5 52. Rb2 Kh5 53. Rh2+ Kg6 54. Rb2 Kf6 55. Re2 Ra5 56. Rb2 Ke5 57. Re2+ Kf6 58. Rb2 Ke5 59. Re2+ Kf6 1/2-1/2

[Event "FRA-ch U16 Girls"]
[Site "Vichy"]
[Date "2025.04.27"]
[Round "1"]
[White "Bacheviller, Elise"]
[Black "Bernard, Ines"]
[Result "0-1"]
[WhiteElo "1581"]
[BlackElo "2081"]
[PlyCount "90"]
[EventDate "2025.04.27"]
[EventType "swiss"]
[EventRounds "9"]
[EventCountry "FRA"]
[SourceTitle "CB19_2025"]
[SourceDate "2025.05.07"]
[SourceVersion "1"]
[SourceVersionDate "2025.05.07"]
[SourceQuality "1"]

1. e4 c5 2. Nf3 Nc6 3. d4 cxd4 4. Nxd4 g6 5. Nc3 Bg7 6. Nb3 Nf6 7. Bc4 0-0 8. 0-0 d6 9. f4 a6 10. a4 Bd7 11. Be3 Ng4 12. Qd2 Rc8 13. Be2 Nxe3 14. Qxe3 Nb4 15. Qd2 Qc7 16. Rf3 Be6 17. f5 Bc4 18. Bxc4 Qxc4 19. Re1 Rfd8 20. Qe2 Qxe2 21. Rxe2 Rc7 22. Nc1 Rdc8 23. Nd3 Bxc3 24. bxc3 Nxd3 25. cxd3 Rxc3 26. fxg6 hxg6 27. Ra2 Rb3 28. Kf2 Rcc3 29. Ke2 Ra3 30. Rb2 Rcb3 31. Rc2 Rc3 32. Rb2 Rc7 33. Rb4 a5 34. Rd4 Rc2+ 35. Ke3 f6 36. Rg3 Kf7 37. h4 Raa2 38. Kf3 Rf2+ 39. Kg4 Rxg2 40. Rxg2 Rxg2+ 41. Kf3 Rb2 42. Rd5 b6 43. Ke3 Rb4 44. Rd4 Rxd4 45. Kxd4 g5 0-1

[Event "EU-ch rapid (Women)"]
[Site "Monaco"]
[Date "2025.01.11"]
[Round "5"]
[White "Zhukova, Natalia"]
[Black "Bernard, Ines"]
[Result "1-0"]
[WhiteElo "2306"]
[BlackElo "2029"]
[PlyCount "87"]
[EventDate "2025.01.11"]
[EventType "swiss (rapid)"]
[EventRounds "11"]
[EventCountry "MNC"]
[SourceTitle "CB03_2025"]
[SourceDate "2025.01.15"]
[SourceVersion "1"]
[SourceVersionDate "2025.01.15"]
[SourceQuality "1"]

1. c4 e5 2. Nc3 Nc6 3. Nf3 g6 4. d4 exd4 5. Nxd4 Bg7 6. Nxc6 bxc6 7. g3 Nf6 8. Bg2 0-0 9. 0-0 Bb7 10. Qa4 Qc8 11. Rd1 h6 12. Be3 Re8 13. Bd4 c5 14. Bxb7 Qxb7 15. Bxf6 Bxf6 16. Nd5 Bg7 17. Rd2 d6 18. Qd7 Rab8 19. Qxc7 Qxc7 20. Nxc7 Rxb2 21. Rxb2 Bxb2 22. Nxe8 Bxa1 23. Nxd6 Bf6 24. Kg2 Be7 25. Nc8 Bf6 26. Nxa7 Kf8 27. Kf3 Ke7 28. Ke4 Kd6 29. Nb5+ Kc6 30. Kd3 Be5 31. Nc3 h5 32. Nd5 h4 33. f4 hxg3 34. hxg3 Bd4 35. e3 Bg7 36. g4 Kd6 37. g5 Bb2 38. Nf6 Kc6 39. Ng4 Kd6 40. a4 Bg7 41. a5 Kc6 42. Ne5+ Kb7 43. Nxf7 Ka6 44. Ne5 1-0

[Event "Wch U14 Girls"]
[Site "Florianopolis"]
[Date "2024.10.30"]
[Round "2"]
[White "Luna Monsalve, Sofia"]
[Black "Bernard, Ines"]
[Result "0-1"]
[WhiteElo "1815"]
[BlackElo "2026"]
[PlyCount "74"]
[EventDate "2024.10.29"]
[EventType "swiss"]
[EventRounds "11"]
[EventCountry "BRA"]
[SourceTitle "CB45_2024"]
[Source "ChessBase"]
[SourceDate "2024.11.06"]
[SourceVersion "1"]
[SourceVersionDate "2024.11.06"]
[SourceQuality "1"]

1. d4 d5 2. c4 c6 3. cxd5 cxd5 4. Bf4 Nc6 5. Nc3 Nf6 6. e3 a6 7. Bd3 Bg4 8. Nge2 e6 9. 0-0 Be7 10. a3 Nd7 11. b4 b5 12. Rc1 Rc8 13. f3 Bh5 14. Ng3 Bg6 15. Bxg6 hxg6 16. e4 Nb6 17. exd5 exd5 18. Re1 0-0 19. Nge2 Nc4 20. Qb3 Bg5 21. Rcd1 Re8 22. a4 Bxf4 23. Nxf4 Nxd4 24. Rxe8+ Qxe8 25. Qb1 Qe3+ 26. Kh1 Qxf4 27. Nxd5 Qe5 28. Rxd4 Qxd4 29. Ne7+ Kf8 30. Nxc8 Qd7 31. axb5 axb5 32. h3 Qxc8 33. Qd3 Qe8 34. Qc3 Qe5 35. Qc1 Kg8 36. Qc2 Qe1+ 37. Kh2 Qxb4 0-1

[Event "EU-ch U14 Girls"]
[Site "Prague"]
[Date "2024.08.31"]
[Round "9"]
[White "Bernard, Ines"]
[Black "Siskou, Evangelia"]
[Result "1-0"]
[WhiteElo "2005"]
[BlackElo "1932"]
[PlyCount "105"]
[EventDate "2024.08.22"]
[EventType "swiss"]
[EventRounds "9"]
[EventCountry "CZE"]
[SourceTitle "CBM 221 Extra"]
[Source "ChessBase"]
[SourceDate "2024.09.30"]
[SourceVersion "1"]
[SourceVersionDate "2024.09.30"]
[SourceQuality "1"]

1. d4 d5 2. Bf4 Nf6 3. e3 e6 4. Nf3 c5 5. Nbd2 Nc6 6. c3 Bd6 7. Bg3 0-0 8. Bb5 Be7 9. Bd3 b6 10. Qe2 Bb7 11. 0-0 Nh5 12. Rad1 Nxg3 13. hxg3 Qc7 14. a3 e5 15. e4 dxe4 16. Qxe4 f5 17. Qd5+ Kh8 18. Nxe5 Nxe5 19. Qxe5 Bd6 20. Qe2 Rae8 21. Qh5 Re6 22. f4 g6 23. Qh3 cxd4 24. cxd4 Qg7 25. Nc4 Qxd4+ 26. Kh2 Qg7 27. Rfe1 Rxe1 28. Rxe1 Qd4 29. Nxd6 Qxd6 30. Qh6 Be4 31. Bxe4 Re8 32. Rf1 fxe4 33. f5 Qf6 34. fxg6 Qxg6 35. Rf8+ Rxf8 36. Qxf8+ Qg8 37. Qf6+ Qg7 38. Qd8+ Qg8 39. Qd4+ Qg7 40. Qxe4 Qxb2 41. Qe8+ Kg7 42. Qe7+ Kg6 43. Qxa7 Qb5 44. Qe7 Qc5 45. Qe4+ Kg7 46. a4 Qh5+ 47. Qh4 Qa5 48. Kh3 Kg6 49. Qe4+ Kh6 50. g4 Kg5 51. g3 Qc5 52. Qxh7 Qc4 53. Qg7# 1-0

[Event "EU-ch U14 Girls"]
[Site "Prague"]
[Date "2024.08.29"]
[Round "7"]
[White "Bernard, Ines"]
[Black "Kalandadze, Mariam"]
[Result "0-1"]
[WhiteElo "2005"]
[BlackElo "1826"]
[PlyCount "92"]
[EventDate "2024.08.22"]
[EventType "swiss"]
[EventRounds "9"]
[EventCountry "CZE"]
[SourceTitle "CBM 221 Extra"]
[Source "ChessBase"]
[SourceDate "2024.09.30"]
[SourceVersion "1"]
[SourceVersionDate "2024.09.30"]
[SourceQuality "1"]

1. d4 Nf6 2. Bf4 g6 3. Nc3 d5 4. e3 Bg7 5. h4 c6 6. Qd2 b5 7. Be2 Qa5 8. f3 Nbd7 9. g4 h5 10. g5 Nh7 11. Kf2 0-0 12. Ne4 Qb6 13. Ng3 c5 14. Rd1 Rd8 15. c3 Nhf8 16. Bd3 e5 17. dxe5 Nxe5 18. N1e2 Nc6 19. Kg2 Bb7 20. Rhg1 d4 21. cxd4 cxd4 22. e4 Ne6 23. Rge1 a5 24. Rc1 Nc5 25. a3 Nb3 26. Qc2 Nxc1 27. Rxc1 Rac8 28. Qb3 Na7 29. Rd1 a4 30. Qb4 Bf8 31. Qe1 b4 32. Be5 Nc6 33. Bf6 Rd7 34. Nf4 Nd8 35. Ngxh5 gxh5 36. Nxh5 Ne6 37. Be5 Be7 38. axb4 Ba6 39. b5 Bxb5 40. Qb4 Bxb4 41. Nf6+ Kf8 42. Nxd7+ Bxd7 43. h5 Nxg5 44. f4 Nxe4 45. Bxe4 Bc6 46. Kf3 Bxe4+ 0-1

[Event "Mulhouse Lallemand Memorial op"]
[Site "Mulhouse"]
[Date "2024.06.23"]
[Round "7"]
[White "Schweitzer, Viktoriya"]
[Black "Bernard, Ines"]
[Result "1/2-1/2"]
[WhiteElo "2010"]
[BlackElo "1961"]
[PlyCount "76"]
[EventDate "2024.06.22"]
[EventType "swiss (rapid)"]
[EventRounds "9"]
[EventCountry "FRA"]
[SourceTitle "CBM 220 Extra"]
[Source "ChessBase"]
[SourceDate "2024.07.31"]
[SourceVersion "1"]
[SourceVersionDate "2024.07.31"]
[SourceQuality "1"]

1. Nf3 d5 2. g3 Nf6 3. Bg2 Nc6 4. d3 e5 5. 0-0 Be7 6. Nbd2 Bf5 7. c4 d4 8. Nh4 Be6 9. Qb3 Rb8 10. Qb5 Nd7 11. Nhf3 a6 12. Qb3 Nc5 13. Qd1 0-0 14. a3 a5 15. b3 f5 16. Rb1 e4 17. Ne1 exd3 18. Nxd3 Nxd3 19. exd3 Qd7 20. Nf3 f4 21. Qe1 fxg3 22. fxg3 Bh3 23. Bd2 Bxg2 24. Kxg2 Bxa3 25. Bxa5 Rbe8 26. Qd2 b6 27. Qa2 Bb4 28. Bxb4 Nxb4 29. Qd2 c5 30. Rbe1 Rxe1 31. Rxe1 Qc6 32. Re4 Ra8 33. Ne5 Qb7 34. Kh3 Rf8 35. Qg5 Nxd3 36. Ng4 Qxe4 37. Nh6+ Kh8 38. Nf7+ Kg8 1/2-1/2